000 00694nam a2200193Ii 4500
003 JO-AjNU
008 230605s9999||||xx |||||||||||||| ||und||
040 _aJO-AjNU
_bara
_erda
_cJO-AjNU
041 _aara
050 1 4 _aTK7887
100 3 _aتأليف فريق فرسان الانتاج,
_eauthor
_956746
245 0 0 _aمعا في عالم صيانة الحاسب طريقة العمل-المشاكل-الحلول اكثر من1000مشكلة وحلها
264 3 1 _aمكتبة علاء الدين ،د.ت
300 _a388ص
336 _atext
_btxt
_2rdacontent
337 _aunmediated
_bn
_2rdamedia
338 _avolume
_bnc
_2rdacarrier
650 4 _aصيانة الحاسوب
_956747
999 _aA25389
_c28957
_d28957